| 000 | 00649nam a2200229 a 4500 | ||
|---|---|---|---|
| 001 | 49502 | ||
| 003 | BD-RjUL | ||
| 005 | 20211209054704.0 | ||
| 008 | 160821m19631961nyu||||| |||| 00| 0 eng d | ||
| 035 | _a(BD-RjUL)49621 | ||
| 040 |
_aBD-RjUL _beng _cBD-RjUL _dBD-RjUL |
||
| 041 | _aeng | ||
| 082 |
_223 _a813 _bSTF 1963 |
||
| 100 |
_aSteirman, Hy _9148526 |
||
| 245 | 1 | 0 |
_aFlight to victory / _cHy Steirman and Glenn D. Kittler |
| 246 | _bLadder ed. | ||
| 260 |
_aNew York : _bFawcett Publications, _cc1961[1963] |
||
| 300 |
_a127 p. ; _c14 cm. |
||
| 650 |
_aAeronautic _xFlights. _9148527 |
||
| 700 |
_aKittler, Glenn D. _9148528 |
||
| 942 |
_2ddc _cBK |
||
| 999 |
_c49502 _d49502 |
||